000 00220nam a22000857a 4500
008 160711b xxu||||| |||| 00| 0 eng d
100 _92578
_a Prakash, V
245 _aSelfish
260 _aNew Delhi
_bDreamland Publication
_c2004
999 _c2243
_d2243